| 000 | 00862nac a22002291u 4500 | ||
|---|---|---|---|
| 010 | _a 95000124 | ||
| 020 | _a0824793595 (hard cover : acid-free) | ||
| 082 | 0 | 0 |
_a690.54 _bN321 |
| 090 |
_c4563 _d4563 |
||
| 100 | _aNavarrete, Pablo F., | ||
| 245 | 1 | 0 |
_aPlanning, estimating, and control of chemical construction projects / _cPablo F. Navarrete. |
| 260 |
_aNew York : _bM. Dekker, _cc1995. |
||
| 300 |
_axv, 324 p. ; _c24 cm. |
||
| 490 | 1 |
_aChemical industries ; _v63 |
|
| 490 | 1 |
_aCost engineering ; _v22 |
|
| 500 | _aIncludes index. | ||
| 650 | 0 |
_aChemical plants _xDesign and construction. |
|
| 830 | 0 | _aChemical industries ; | |
| 830 | 0 | _aCost engineering (Marcel Dekker, Inc.) ; | |
| 942 |
_cBB _k690.54N321 |
||
| 999 |
_c4563 _d4563 |
||